مكتبة جامعة عجلون الوطنية

فهرس بحث المكتبة

مستوى عسر القراءة (الديسلكسيا) لدى الطلبة ذوي صعوبات التعلم في المدارس الدامجة وعلاقته بتقدير الذات = The Level of Dyslexia Among Students with Learning Disabilities in Inclusive Schools and its Relationship to Self-esteem (Record no. 33252)

MARC details
000 -LEADER
fixed length control field 01131nam a22001817a 4500
003 - CONTROL NUMBER IDENTIFIER
control field JO-AjAnu
005 - DATE AND TIME OF LATEST TRANSACTION
control field 20231209104938.0
008 - FIXED-LENGTH DATA ELEMENTS--GENERAL INFORMATION
fixed length control field 231209b jo ||||| |||| 00| 0 ara d
040 ## - CATALOGING SOURCE
Original cataloging agency JO-AjAnu
Language of cataloging ara
Transcribing agency JO-AjAnu
Modifying agency ANU
100 ## - MAIN ENTRY--PERSONAL NAME
Personal name الصمادي، ضحى مخلص علي
9 (RLIN) 64718
Relator term معد
245 ## - TITLE STATEMENT
Title مستوى عسر القراءة (الديسلكسيا) لدى الطلبة ذوي صعوبات التعلم في المدارس الدامجة وعلاقته بتقدير الذات = The Level of Dyslexia Among Students with Learning Disabilities in Inclusive Schools and its Relationship to Self-esteem
Statement of responsibility, etc. / اعداد ضحى مخلص علي الصمادي؛ اشراف محمد احمد العمري
260 ## - PUBLICATION, DISTRIBUTION, ETC.
Place of publication, distribution, etc. عجلون :
Name of publisher, distributor, etc. جامعة عجلون الوطنية،
Date of publication, distribution, etc. 2023
300 ## - PHYSICAL DESCRIPTION
Extent 134 ورقه
500 ## - GENERAL NOTE
General note رسالة جامعية (ماجستير) - جامعة عجلون الوطنية، 2023<br/>تحتوي على استبيان وجداول توضيحية
650 ## - SUBJECT ADDED ENTRY--TOPICAL TERM
Form subdivision مستوى عسر القراءة-صعوبات التعلم
700 ## - ADDED ENTRY--PERSONAL NAME
Personal name محمد احمد العمري
9 (RLIN) 64719
Relator term مشرف
942 ## - ADDED ENTRY ELEMENTS (KOHA)
Source of classification or shelving scheme Library of Congress Classification
Koha item type Thesis
Suppress in OPAC No
Holdings
Withdrawn status Lost status Source of classification or shelving scheme Damaged status Not for loan Home library Current library Date acquired Total Checkouts Full call number Barcode Date last seen Price effective from Koha item type
    Library of Congress Classification     مكتبة جامعة عجلون الوطنية مكتبة جامعة عجلون الوطنية 09/12/2023   LC4704.87.2023 A29715 09/12/2023 09/12/2023 Thesis
    Library of Congress Classification     مكتبة جامعة عجلون الوطنية مكتبة جامعة عجلون الوطنية 11/12/2023   LC4704.87.2023 A29716 11/12/2023 11/12/2023 Thesis